000 00956cam a2200253 a 4500
001 000014550
005 20200929163852.0
008 930312s1988 ck 000 0 spa d
040 _aDO-SdBNP
_bspa
_cLC
_dBNPHU
082 _a704.0986
_bM491p, 1988
100 1 _aMedina Cano, Federico,
_d1951-
_932931
245 1 3 _aLa práctica artística, el lenguaje y el poder /
_cFederico Medina Cano ; editor Miguel Escobar Calle.
250 _a2a ed.
260 _aMedellín, Colombia :
_bAutores Antioqueños,
_c1988.
300 _a269 p. ;
_c21 cm.
490 1 _aAutores antioqueños
_v46
504 _aIncluye referencias bibliográficas al pie de las páginas.
650 4 _aArte colombiano
_xCongresos, conferencias, etc.
_932932
650 4 _aCreación literaria, artística, etc.
_918866
700 1 _aEscobar Calle, Miguel,
_d1944-
_eed.
_932933
830 0 _aAutores antioqueños ;
_v46
_925805
910 _aCatalogación por copia / LC
049 _aBNGR
999 _c14137
_d14137